01159nam a22001935i 450000100060000000300090000600500170001500700030003200800410003504000250007610000260010124501030012726001020023030000200033250504450035285200240079799900170082195201270083853152ES-MaACL20230906162721.0t|990701m18971899fr ||||1| fre d aAS bspa cCCPB | 3D1 aDuhem, Pierre.94594410aTraité élémentaire de mécanique chimique fondée sur la thermodynamique / cpar P. Duhem. aParis : bLibrairie scientifique A. Hermann, c1897-1899 (eTours : fImprimerie Deslis Frères) a4 v. ; c25 cm.8 aContiene: T. I. Introduction. Principes fondamentaux de la thermodynamique. Faux équilibres et explosions (VIII, 299 p.) -- t. II. Vaporisation et modifications analogues. Continuité entre l'état liquide et l'état gezeux. Dissociation des gaz parfaits (378 p.) -- t. III. Les mélanges homogènes. Les dissolutions (380 p.) -- t. IV. Les mélanges doubles. Statique chimique générale des systèmes hétérogènes (381 p.) aES-MaACLjC-3158-61 c53152d53152 001040708LIBXIXaATENEOMbATENEOMcSPALd2008-01-17eSCl0oC-3158-61p1055849r2023-02-23 00:00:00w2023-02-23yMONANT